أبو ذر الغفاري / (رقم التسجيلة. 65937)
[ عرض عادي ]
| 000 -LEADER | |
|---|---|
| fixed length control field | 00575nam a22001937a 4500 |
| 005 - DATE AND TIME OF LATEST TRANSACTION | |
| control field | 20251108171922.0 |
| 008 - FIXED-LENGTH DATA ELEMENTS--GENERAL INFORMATION | |
| fixed length control field | 250721s9999 xx 000 0 ara d |
| 082 14 - DEWEY DECIMAL CLASSIFICATION NUMBER | |
| Classification number | ط/922.1/محا |
| 100 1# - MAIN ENTRY--PERSONAL NAME | |
| Personal name | المحامي، محمد كامل حسن |
| 245 10 - TITLE STATEMENT | |
| Title | أبو ذر الغفاري / |
| 264 1# - PRODUCTION, PUBLICATION, DISTRIBUTION, MANUFACTURE, AND COPYRIGHT NOTICE | |
| Place of production, publication, distribution, manufacture | بيروت : |
| Name of producer, publisher, distributor, manufacturer | منشورات المكتب العالمي، |
| 300 ## - PHYSICAL DESCRIPTION | |
| Extent | 109ص |
| 490 0# - SERIES STATEMENT | |
| Series statement | عظماء الإسلام |
| 650 17 - SUBJECT ADDED ENTRY--TOPICAL TERM | |
| Topical term or geographic name as entry element | الإسلام |
| 650 17 - SUBJECT ADDED ENTRY--TOPICAL TERM | |
| Topical term or geographic name as entry element | التراجم |
| 653 ## - INDEX TERM--UNCONTROLLED | |
| Uncontrolled term | ناشئون صغار (10-14) سنة |
| 942 ## - ADDED ENTRY ELEMENTS (KOHA) | |
| Source of classification or shelving scheme | Dewey Decimal Classification |
| Koha item type | كتب |
| حالة السحب | حالة الفقدان | مصدر التصنيف | حالة التلف | غير قابل للإعارة | المكتبة الرئيسية | المكتبة الحالية | موقع الرف | تاريخ التزويد | الرقم المتسلسل | Total Checkouts | رقم الإستدعاء | تاريخ آخر ظهور | تاريخ الفاتورة | نوع المادة (كوها) | الباركود |
|---|---|---|---|---|---|---|---|---|---|---|---|---|---|---|---|
| Dewey Decimal Classification | المكتبة المركزية | المكتبة المركزية | الأطفال | 27/10/2015 | 1616060 | ط/922.1/محا | 28/07/2025 | 27/10/2015 | كتب | PLD00360312 | |||||
| Dewey Decimal Classification | Unchecked | مكتبة الجويدة | مكتبة الجويدة | الأطفال | 06/07/2004 | 572 | ط/922.1/محا | 28/07/2025 | 06/07/2004 | كتب | |||||
| Dewey Decimal Classification | مكتبة الجويدة | مكتبة الجويدة | الأطفال | 06/05/2015 | [525] | ط/922.1/محا | 28/07/2025 | 06/05/2015 | كتب | PLD00323101 | |||||
| Dewey Decimal Classification | مكتبة النصر العامة | مكتبة النصر العامة | الأطفال | 23/05/2015 | [ 5355 ] | ط/922.1/محا | 28/07/2025 | 23/05/2015 | كتب | PLD00389662 | |||||
| Dewey Decimal Classification | مكتبة الياسمين للأطفال | مكتبة الياسمين للأطفال | الأطفال | 26/03/2014 | 557675 | ط/922.1/محا | 28/07/2025 | 26/03/2014 | كتب | PLD00296695 | |||||
| Dewey Decimal Classification | مكتبة الياسمين للأطفال | مكتبة الياسمين للأطفال | الأطفال | 26/03/2014 | 557673 | ط/922.1/محا | 28/07/2025 | 26/03/2014 | كتب | PLD00296652 | |||||
| Dewey Decimal Classification | مكتبة الياسمين للأطفال | مكتبة الياسمين للأطفال | الأطفال | 27/10/2015 | 1616062 | ط/922.1/محا | 28/07/2025 | 27/10/2015 | كتب | PLD00360314 | |||||
| Dewey Decimal Classification | مكتبة مرج الحمام | مكتبة مرج الحمام | الأطفال | 27/10/2015 | 1616061 | ط/922.1/محا | 28/07/2025 | 27/10/2015 | كتب | PLD00360313 |